Actividades de orientacíón en la escuela primaria / (Record no. 78371)

MARC details
000 -LEADER
campo de control de longitud fija 00566nam a2200169 i 4500
001 - NÚMERO DE CONTROL
campo de control 78371
003 - IDENTIFICADOR DE NÚMERO DE CONTROL
campo de control ES-MaACL
007 - CAMPO FIJO DE DESCRIPCIÓN FÍSICA--INFORMACIÓN GENERAL
campo de control de longitud fija t|
008 - DATOS DE LONGITUD FIJA--INFORMACIÓN GENERAL
campo de control de longitud fija 041014s1965 mx ||||1| spa d
100 1# - ENTRADA PRINCIPAL--NOMBRE DE PERSONA
Nombre de persona Hatch, Raymond.
9 (RLIN) 62066
245 10 - MENCIÓN DEL TÍTULO
Título Actividades de orientacíón en la escuela primaria /
Mención de responsabilidad, etc. Raymond Hatch, James W. Costar ; [versión española de Sonia Tancredi].
260 ## - PUBLICACIÓN, DISTRIBUCIÓN, ETC.
Lugar de publicación, distribución, etc. México :
Nombre del editor, distribuidor, etc. Libreros Mexicanos Unidos,
Fecha de publicación, distribución, etc. 1965.
300 ## - DESCRIPCIÓN FÍSICA
Extensión 268 p. ;
Dimensiones 19 cm.
700 1# - ENTRADA AGREGADA--NOMBRE PERSONAL
Nombre de persona Costar, James W.
9 (RLIN) 41131
700 1# - ENTRADA AGREGADA--NOMBRE PERSONAL
Nombre de persona Tancredi, Soni.
9 (RLIN) 109181
852 ## - LOCALIZACIÓN
Ubicación ES-MaACL
Número de control de estantería E-2522
Sublocalización o colección R.58299
Holdings
Estatus retirado Estado de pérdida Estado de daño No para préstamo Biblioteca de origen Biblioteca actual Ubicación en estantería Fecha de adquisición Fuente de adquisición Total de préstamos Signatura topográfica completa Código de barras Visto por última vez Precio de reemplazo Tipo de ítem Koha
        Biblioteca del Ateneo de Madrid Biblioteca del Ateneo de Madrid Depósito 2 17/01/2008     E-2522 1081977 23/02/2023 23/02/2023 Libro impreso